| 000 | 00539cam a2200193 4500 | ||
|---|---|---|---|
| 001 | BIO002272 | ||
| 008 | 1989 a spa | ||
| 020 | _a968-823-103-7 | ||
| 035 | _aBIO002272 | ||
| 050 | 4 |
_aTL790 _bN47 1989 |
|
| 100 | 1 | _aNeri Vela, Rodolfo | |
| 245 | 3 |
_aLa Exploración y uso del espacio / _cRodolfo Neri Vela. |
|
| 260 |
_aMéxico : _bCONACYT, _c1989 |
||
| 300 |
_a128 p. ; _c28 cm. |
||
| 500 | _a4 ejemplares | ||
| 500 | _aRec. Propios. Escuela | ||
| 650 | 4 |
_aEspacio Exterior _xExploración |
|
| 942 |
_2lcc _cLIB |
||
| 999 |
_c87599 _d87599 |
||